Hoofsteden van Europa - Statistieken

Algemene statistieken
  • Deze quiz is 302 keer genomen
  • De gemiddelde score is 32 van 46
Antwoordstatistieken
Land Hoofdstad % Correct
België Brussel
97%
Duitsland Berlijn
93%
Nederland Amsterdam
92%
Frankrijk Parijs
92%
Italië Rome
88%
Spanje Madrid
87%
Rusland Moskou
86%
Portugal Lissabon
85%
Luxemburg Luxemburg
85%
Verenigd Koninkrijk Londen
84%
Griekenland Athene
83%
Ierland Dublin
81%
Denemarken Kopenhagen
81%
Noorwegen Oslo
81%
Oostenrijk Wenen
81%
Monaco Monaco
80%
Oekraïne Kiev
78%
Vatciaanstad Vaticaanstad
78%
Zweden Stockholm
77%
Hongarijë Boedapest
76%
Finland Helsinki
76%
Polen Warschau
76%
Zwitserland Bern
73%
Bulgarijë Sofia
72%
Ijsland Reykjavik
71%
Roemenië Boekarest
70%
Tsjechië Praag
70%
San Marino San Marino
68%
Albanië Tirana
64%
Kroatië Zagreb
64%
Turkijë Ankara
62%
Letland Riga
57%
Slovenië Ljubljana
56%
Estland Tallinn
54%
Andorra Andorra la Vella
53%
Noord-Macedonië Skopje
52%
Litouwen Vilnius
52%
Malta Valletta
50%
Servië Belgrado
49%
Wit-Rusland Minsk
49%
Bosnië en Herzegovina Sarajevo
49%
Slowakijë Bratislava
48%
Kosovo Pristina
38%
Liechtenstein Vaduz
38%
Moldavië Chisinau
36%
Montenegro Podgorica
34%
Geen overeenkomende quizzen gevonden
Scoreverdeling
Procent van Mensen met Elke Score
Percentiel versus Aantal Correcte Antwoorden
Uw Scoregeschiedenis
U heeft deze quiz nog niet genomen